Attori nel Marvel Cinematic Universe - Statistics

Statistiche generali
  • Questo quiz è stato fatto 204 volte
  • Il punteggio medio è 7 su 19
Answers on the Grid
Answers color-coded by a green-red scale on the quiz's grid according to % correct below.
Robert Downey Jr
Chris Pratt
Chris Evans
Chris Pine
Chris Hemsworth
Tom Hardy
Natalie Portman
Keira Knightley
Anthony Hopkins
Jane Fonda
Robert Redford
Ryan Gosling
Morena Baccarin
Adam Brody
Kristen Bell
Jameela Jamil
Ryan Reynolds
Iman Vellani
Oscar Isaac
Mary-Kate Olsen
Heath Ledger
Christian Bale
Elizabeth Olsen
Scarlet Johansson
Florence Pugh
Andrew Garfield
Zach Efron
Rachel Weisz
Harry Styles
Taylor Swift
 
Statistiche sulle risposte
Risposta % Corretto
Robert Downey Jr
97%
Chris Evans
87%
Chris Pratt
86%
Chris Hemsworth
83%
Scarlet Johansson
44%
Natalie Portman
43%
Elizabeth Olsen
42%
Ryan Reynolds
42%
Florence Pugh
40%
Andrew Garfield
37%
Harry Styles
28%
Oscar Isaac
25%
Anthony Hopkins
19%
Robert Redford
18%
Morena Baccarin
13%
Jameela Jamil
12%
Christian Bale
11%
Iman Vellani
11%
Rachel Weisz
4%
Nessun quiz corrispondente trovato
Distribuzione punteggi
Percentuale di utenti per punteggio
Percentile per numero di risposta
I tuoi punteggi nel tempo
Non hai fatto questo quiz